Państwa najbliższe Afganistanowi według dwóch pierwszych liter - Statystyki

Ogólne statystyki
  • Ten quiz został rozwiązany 69 razy
  • Średni wynik to 11 z 20
Statystyki odpowiedzi
km Kraj % Poprawnych
0 Pakistan
87%
0 Turkmenistan
83%
211 Indie
81%
1204 Irak
76%
0 Iran
76%
0 Tadżykistan
76%
0 Chiny
70%
101 Kirgistan
69%
1010 Katar
65%
300 Kazachstan
65%
0 Uzbekistan
63%
1301 Rosja
48%
976 Arabia Saudyjska
46%
1355 Armenia
46%
1086 Azerbejdżan
35%
1077 Bahrajn
35%
1016 Nepal
28%
1086 Kuwejt
17%
627 Zjednoczone Emiraty Arabskie
17%
576 Oman
11%
Nie znaleziono quizów pasujących do podanych kryteriów
Rozkład punktacji
Procent ludzi z każdym wynikiem
Percentyl według liczby udzielonych odpowiedzi
Twoja historia wyników
Nie rozwiązałeś tego quizu